000 00312nam a22001337a 4500
020 _qPB.
040 _cFIZZA ISHAQ
082 _a005.453
_bDIC
100 _aGRUNE,DICK.
_991222
245 _aMODERN COMPILER DESIGN /
_cDICK GRUNE.
260 _aSSBM PUBLISHER ;
_c2012.
300 _a822 P. ;
942 _2ddc
_cBK
999 _c589398
_d589398